书目信息 |
| 题名: |
中国古代爱情诗三百首
|
|
| 作者: | 万木春 , 李凌 , 黎勤 编著 | |
| 分册: | ||
| 出版信息: | 北京 中国社会科学出版社 2009.05 |
|
| 页数: | 396页 | |
| 开本: | 21cm | |
| 丛书名: | ||
| 单 册: | ||
| 中图分类: | I222 | |
| 科图分类: | ||
| 主题词: | 古典诗歌--gu dian shi ge--中国--作品集 | |
| 电子资源: | ||
| ISBN: | 978-7-5004-7359-6 | |
| 000 | 01138nam0 2200265 450 | |
| 001 | 012009191218 | |
| 005 | 20090916153736.51 | |
| 010 | @a978-7-5004-7359-6@dCNY32.00 | |
| 100 | @a20090916d2009 em y0chiy0120 ea | |
| 101 | 0 | @achi |
| 102 | @aCN@b110000 | |
| 105 | @ay z 001gy | |
| 106 | @ar | |
| 200 | 1 | @a中国古代爱情诗三百首@Azhong guo gu dai ai qing shi san bai shou@f万木春, 李凌, 黎勤编著@Fwan mu chun,li ling,li qin bian zhu |
| 210 | @a北京@c中国社会科学出版社@d2009.05 | |
| 215 | @a396页@d21cm | |
| 320 | @a有索引 | |
| 330 | @a本书收录了我国古代著名诗人所写的爱情诗。既有李白、杜甫、李商隐、白居易、苏东坡、欧阳修这样的诗坛泰斗,也有李冶、薛涛、李清照、朱淑真这样的文苑女杰;既有武则天这样的宫中女皇,也有某某氏之类的家庭妇女。他(她)们都知爱情、懂爱情、写爱情、唱爱情,他(她)们都为爱情的欢乐讴歌不止,也为爱情的失落流泪不已……,全书内容丰富翔实,便于读者阅读。 | |
| 606 | 0 | @a古典诗歌@Agu dian shi ge@y中国@j作品集 |
| 690 | @aI222@v4 | |
| 701 | 0 | @a万木春@Awan mu chun@4编著 |
| 701 | 0 | @a李凌@Ali ling@4编著 |
| 701 | 0 | @a黎勤@Ali qin@4编著 |
| 801 | 0 | @aCN@bQSSK@c20090916 |
| 905 | @b751718-20@dI222@eW037@f3 | |
| 中国古代爱情诗三百首/万木春, 李凌, 黎勤编著.-北京:中国社会科学出版社,2009.05 |
| 396页;21cm |
| ISBN 978-7-5004-7359-6:CNY32.00 |
| 本书收录了我国古代著名诗人所写的爱情诗。既有李白、杜甫、李商隐、白居易、苏东坡、欧阳修这样的诗坛泰斗,也有李冶、薛涛、李清照、朱淑真这样的文苑女杰;既有武则天这样的宫中女皇,也有某某氏之类的家庭妇女。他(她)们都知爱情、懂爱情、写爱情、唱爱情,他(她)们都为爱情的欢乐讴歌不止,也为爱情的失落流泪不已……,全书内容丰富翔实,便于读者阅读。 |
| ● |
| 相关链接 |
|
|
|
正题名:中国古代爱情诗三百首
索取号:I222/W037
 
预约/预借
| 序号 | 登录号 | 条形码 | 馆藏地/架位号 | 状态 | 备注 |
| 1 | 751718 | 207517187 | 文学库108/108文学库 16排1列5层/ [索取号:I222/W037] | 在馆 | |
| 2 | 751719 | 207517196 | 文学库108/108文学库 16排1列5层/ [索取号:I222/W037] | 在馆 | |
| 3 | 751720 | 207517203 | 文学库108/108文学库 16排1列5层/ [索取号:I222/W037] | 在馆 |